| 000 | 00761nam a2200229Ia 4500 | ||
|---|---|---|---|
| 003 | GCL | ||
| 005 | 20240530095332.0 | ||
| 008 | 140319s9999 xx 000 0 ara d | ||
| 040 |
_aGCL / _cGCL |
||
| 082 | 0 | 4 |
_a346.01 _bع ق |
| 245 | 1 | 0 | _aقوانين الاحوال الشخصية للمصريين غير المسلمين والاجانب |
| 250 | _aالاولى | ||
| 260 |
_aالقاهرة : _bعبدالفتاح مراد |
||
| 300 |
_a408ص ؛ _c20سم |
||
| 650 | 0 | 4 | _aالطلاق |
| 650 | 0 | 4 | _aالاحوال الشخصية |
| 650 | 0 | 4 | _aالزواج |
| 650 | 0 | 4 | _aالحقوق الزوجية |
| 650 | 0 | 4 | _aالاحوال الشخصية - مصر |
| 650 | 0 | 4 | _aالاحوال الشخصية لغير المسلمين - مصر |
| 942 |
_2ddc _cBK |
||
| 999 |
_c6259 _d6259 |
||